សៀវភៅរូបភាពកម្ពុជា / (Record no. 1081)

MARC details
000 -LEADER
fixed length control field 01509nam a22003017a 4500
005 - DATE AND TIME OF LATEST TRANSACTION
control field 20250901162121.0
020 ## - INTERNATIONAL STANDARD BOOK NUMBER
International Standard Book Number 9789995054816
040 ## - CATALOGING SOURCE
Original cataloging agency FISKH
Language of cataloging eng
Transcribing agency FISKH
Modifying agency FISKH
082 ## - DEWEY DECIMAL CLASSIFICATION NUMBER
Classification number 495.9
100 ## - MAIN ENTRY--PERSONAL NAME
Personal name Dary, Heng
245 ## - TITLE STATEMENT
Title សៀវភៅរូបភាពកម្ពុជា /
246 ## - VARYING FORM OF TITLE
Title proper/short title Picture book Cambodia
250 ## - EDITION STATEMENT
Edition statement 9th Published in August.
260 ## - PUBLICATION, DISTRIBUTION, ETC.
Place of publication, distribution, etc. Phnom Penh :
Name of publisher, distributor, etc. Sipar,
Date of publication, distribution, etc. 2021.
300 ## - PHYSICAL DESCRIPTION
Extent 22 unnumbered pages :
Other physical details color illustrations,
Dimensions 20 x 21 cm.
505 ## - FORMATTED CONTENTS NOTE
Formatted contents note G <br/>
520 ## - SUMMARY, ETC.
Summary, etc. ពណ៍នាអំពីរូបភាពនៃទីកន្លែងមួយចំនួននៅក្នុងប្រទេសកម្ពុជាដែលមានដូចជា ទីក្រុងភ្នំពេញ ភោជនីយដ្ឋាន ជនបទ ផ្សារ ប្រាសាទអង្គរវត្ត និង វត្ត។
520 ## - SUMMARY, ETC.
Summary, etc. The picture of some places in Cambodia such as Phnom Penh city, restaurant, countryside, market, Angkor Wat temple, and pagoda were introduced.
521 ## - TARGET AUDIENCE NOTE
Target audience note 350
Source Lexile estimate
521 ## - TARGET AUDIENCE NOTE
Target audience note G <br/>
Source Raz-Plus <br/>
650 ## - SUBJECT ADDED ENTRY--TOPICAL TERM
Topical term or geographic name entry element ភ្នំពេញ
Form subdivision ផ្សារ
General subdivision ភោជនិយ៍ដ្ឋាន
650 ## - SUBJECT ADDED ENTRY--TOPICAL TERM
Topical term or geographic name entry element ប្រសាទអង្គរ
Form subdivision ជាយក្រុង
General subdivision វត្តអារាម
650 ## - SUBJECT ADDED ENTRY--TOPICAL TERM
Topical term or geographic name entry element Phnom Penh
Form subdivision Market
General subdivision Restaurant
650 ## - SUBJECT ADDED ENTRY--TOPICAL TERM
Topical term or geographic name entry element Angkor
Form subdivision countryside
General subdivision Pagoda
700 ## - ADDED ENTRY--PERSONAL NAME
Personal name Sophaleap, Nhoek
Titles and other words associated with a name illustrator
942 ## - ADDED ENTRY ELEMENTS (KOHA)
Source of classification or shelving scheme Dewey Decimal Classification
Koha item type Books
Suppress in OPAC No
999 ## -
-- 1081
-- 1081
Holdings
Withdrawn status Lost status Source of classification or shelving scheme Damaged status Not for loan Collection Home library Current library Shelving location Date acquired Total Checkouts Full call number Barcode Date last seen Copy number Price effective from Koha item type Date due Date last checked out
    Dewey Decimal Classification     Khmer-English Bilingual / ភាសាខ្មែរ-អង់គ្លេស Footprints International School Library Network Toul Kork Campus Footprints International School Library Network Toul Kork Campus TK Campus, Room B402, Khmer Book Case 16, Shelves 112-123 / ទូរសៀវភៅខ្មែរលេខ ១៦​ ធ្នើរ ១១២ ដល់ ១២៣ បន្ទប់ B402 សាខាទួលគោក 07/21/2023   DAR 495.9 2023-0136 08/29/2025 1 07/21/2023 Khmer Books    
    Dewey Decimal Classification     Khmer-English Bilingual / ភាសាខ្មែរ-អង់គ្លេស Footprints International School Library Network Toul Kork Campus Footprints International School Library Network Toul Kork Campus TK Campus, Room B402, Khmer Book Case 16, Shelves 112-123 / ទូរសៀវភៅខ្មែរលេខ ១៦​ ធ្នើរ ១១២ ដល់ ១២៣ បន្ទប់ B402 សាខាទួលគោក 07/21/2023   DAR 495.9 2023-0137 07/21/2023 2 07/21/2023 Khmer Books    
    Dewey Decimal Classification     Khmer-English Bilingual / ភាសាខ្មែរ-អង់គ្លេស Footprints International School Library Network Toul Kork Campus Footprints International School Library Network Toul Kork Campus TK Old Khmer Books (Rear Hallway Shelf 3) 06/27/2024   DAR 495.9 FISTKKA127 06/27/2024 3 06/27/2024 Khmer Books    
    Dewey Decimal Classification     Khmer-English Bilingual / ភាសាខ្មែរ-អង់គ្លេស Footprints International School Library Network Toul Kork Campus Footprints International School Library Network Toul Kork Campus TK Old Khmer Books (Rear Hallway Shelf 3) 06/27/2024   DAR 495.9 2024-0902 07/01/2024 4 06/27/2024 Khmer Books    
    Dewey Decimal Classification     Khmer-English Bilingual / ភាសាខ្មែរ-អង់គ្លេស Footprints International School Library Network Toul Kork Campus Footprints International School Library Network Toul Kork Campus TK Old Khmer Books (Rear Hallway Shelf 3) 06/27/2024 1 DAR 495.9 FISBK03499 05/21/2025 5 06/27/2024 Khmer Books 06/04/2025 05/21/2025
    Dewey Decimal Classification     Khmer-English Bilingual / ភាសាខ្មែរ-អង់គ្លេស Footprints International School Library Network Toul Kork Campus Footprints International School Library Network Toul Kork Campus TK Old Khmer Books (Rear Hallway Shelf 3) 06/27/2024 2 DAR 495.9 FISTK03484 11/13/2025 6 06/27/2024 Khmer Books   08/22/2025
    Dewey Decimal Classification     Khmer-English Bilingual / ភាសាខ្មែរ-អង់គ្លេស Footprints International School Library Network Toul Kork Campus Footprints International School Library Network Toul Kork Campus TK Old Khmer Books (Rear Hallway Shelf 3) 07/12/2024   DAR 495.9 FISBK072716 07/12/2024 8 07/12/2024 Khmer Books    
    Dewey Decimal Classification     Khmer-English Bilingual / ភាសាខ្មែរ-អង់គ្លេស Footprints International School Library Network Toul Tom Poung Campus Footprints International School Library Network Toul Tom Poung Campus TTP Primary Khmer Bookshelves 07/12/2024 1 DAR 495.9 FISBK05418 12/04/2024 7 07/12/2024 Khmer Books   08/13/2024